000 00487nam a2200157 a 4500
001 000033669
005 20200930070428.0
008 110905s1975 dr 000 0 spa d
040 _aDO-SdBNP
_bspa
_cBNPHU
100 1 _aDobal, Carlos
_926322
245 1 3 _aEl agua en Santiago /
_cCarlos Dobal, ilustración Wilfredo García.
260 _aSanto Domingo :
_b[s.n.],
_c1975.
300 _a1 v. Con varias paginaciones ;
_c26 cm.
700 1 _aGarcía, Wilfredo
_eil.
_959135
049 _aBNPD
999 _c33160
_d33160